00753nam a2200169 a 450000100100000000500170001000800410002704000250006824500650009326000360015830000270019404900090022195201200023095201050035095201110045599900170056600003250520200930065656.0110718s2008 dr 000 0 spa d aDO-SdBNPbspacBNPHU00aBrugal 1888 :bthe hot dominicana, chocolate con Ron Brugal. aSanto Domingo :,c2008b[s.n.]. a30 p. :bspa ;c28 cm. aBNPD 001054708DSaGRbGRcCTd2011-07-18iLF1l0o p32505-30r2020-06-25te. 3w2020-06-25yLFDSZPréstamo en sala 0010718PDaPDbPDcHDd2011-07-18iLF1l0o p32505-10r2020-06-25w2020-06-25yLFPDZNo se presta 0010718PDaPDbPDcCTd2011-07-18iLF1l0o p32505-20r2020-06-25te. 2w2020-06-25yLFPDZNo se presta c31996d31996